000 00714nam a2200289Ia 4500
005 20260121124647.0
008 008 260114s9999 xx 000 0 eng d
020 _a9781447364672
037 _aEBOOK
040 _aCRL
040 _beng
040 _cCRL
041 _2eng
041 _aeng
084 _qCRL
100 _aHall, Patrick
_9979791
245 0 _aSocial Care in the UKs Four Nations
260 _bWalter de Gruyter
260 _bWalter de Gruyter
260 _c2023
650 _aPolitical Science
_9979792
700 _a Needham, Catherine
_9979793
856 _uhttp://www.degruyter.com/isbn/9781447364672
942 _cEBOOK
999 _c1556254
_d1556254